Quality counts (Record no. 113055)
[ view plain ]
| 000 -LEADER | |
|---|---|
| fixed length control field | 01127cad a22002055a 4500 |
| 001 - CONTROL NUMBER | |
| control field | L154598 |
| 008 - FIXED-LENGTH DATA ELEMENTS--GENERAL INFORMATION | |
| fixed length control field | 120105e20110706xxk 000 0 eng d |
| 035 ## - SYSTEM CONTROL NUMBER | |
| System control number | (Sirsi) u154598 |
| 041 0# - LANGUAGE CODE | |
| Language code of text/sound track or separate title | eng |
| 110 2# - MAIN ENTRY--CORPORATE NAME | |
| Corporate name or jurisdiction name as entry element | Homes and Communities Agency |
| 9 (RLIN) | 5688 |
| 245 00 - TITLE STATEMENT | |
| Title | Quality counts |
| Medium | [electronic resource] |
| 260 ## - PUBLICATION, DISTRIBUTION, ETC. | |
| Place of publication, distribution, etc. | [S.l.] |
| Name of publisher, distributor, etc. | HCA |
| Date of publication, distribution, etc. | 2011 |
| 520 ## - SUMMARY, ETC. | |
| Summary, etc. | This report summarises the main findings of a series of Quality Assurance and Impact Visits carried out by the HCA for homes delivered under the Agency's National Affordable Housing Programme (NAHP) 2008-11, across 520 schemes in England. Looks at architecture and design, sustainability, and affordable housing. The results in the report will be help inform the HCA's approach under the new Affordable Homes Programme (2011-15). |
| 590 ## - LOCAL NOTE (RLIN) | |
| Local note | KA NTK |
| 651 #4 - SUBJECT ADDED ENTRY--GEOGRAPHIC NAME | |
| Geographic name | England |
| Chronological subdivision | 886- |
| 690 ## - LOCAL SUBJECT ADDED ENTRY--TOPICAL TERM (OCLC, RLIN) | |
| Topical term or geographic name as entry element | PROPERTY-RESIDENTIAL PROPERTY-DOMESTIC RESIDENTIAL PROPERTY-HOUSING |
| 690 ## - LOCAL SUBJECT ADDED ENTRY--TOPICAL TERM (OCLC, RLIN) | |
| Topical term or geographic name as entry element | BUILT ENVIRONMENT-CONSTRUCTION MARKET |
| 856 40 - ELECTRONIC LOCATION AND ACCESS | |
| Uniform Resource Identifier | <a href="https://www.homesandcommunities.co.uk/quality-counts">https://www.homesandcommunities.co.uk/quality-counts</a> |
| Public note | Download the report (PDF file) free of charge at www.homesandcommunities.co.uk |
| 942 ## - ADDED ENTRY ELEMENTS (KOHA) | |
| Suppress in OPAC | 0 |
| Withdrawn status | Lost status | Source of classification or shelving scheme | Damaged status | Not for loan | Home library | Current library | Shelving location | Date acquired | Total Checkouts | Full call number | Barcode | Date last seen | Copy number | Price effective from | Koha item type |
|---|---|---|---|---|---|---|---|---|---|---|---|---|---|---|---|
| Dewey Decimal Classification | Virtual | Virtual | Online | 05/01/2012 | ONLINE PUBLICATION | 154598-2001 | 06/08/2019 | 1 | 06/08/2019 | Book |